| 000 | 00000nam 22000008a 4500 |
| 001 | 9.824803 |
| 003 | CaOODSP |
| 005 | 20221107144218 |
| 007 | cr ||||||||||| |
| 008 | 160926s2016 onca #o f000 0 eng d |
| 020 | |a978-0-660-06416-1 |
| 040 | |aCaOODSP|beng |
| 043 | |an-cn--- |
| 086 | 1 |aCH24-47/2016E-PDF |
| 245 | 00|aCanada 150 Fund |h[electronic resource] : |bsignature projects - project descriptions. |
| 260 | |a[Ottawa?] : |bCanadian Heritage, |cc2016. |
| 300 | |a40 p. : |bill. |
| 500 | |aTitle from cover. |
| 500 | |aIssued also in French under title: Fonds Canada 150 : projets signature : description des projets. |
| 520 | |aDescribes the Canada 150 signature projects with current partners and contact information. |
| 530 | |aIssued also in printed form. |
| 692 | 07|2gccst|aCanadian identity |
| 692 | 07|2gccst|aHeritage |
| 692 | 07|2gccst|aProject management |
| 710 | 1 |aCanada. |bCanadian Heritage. |
| 775 | 08|tFonds Canada 150 |w(CaOODSP)9.824806 |
| 776 | 0#|tCanada 150 Fund : |w(CaOODSP)9.824809 |
| 794 | |tCanada 150 Fund |w(CaOODSP)9.834346 |
| 856 | 40|qPDF|s764 KB|uhttps://publications.gc.ca/collections/collection_2017/pch/CH24-47-2016-eng.pdf |